Normal view
MARC view
Entry Personal Name
001 - CONTROL NUMBER
- control field: 21816
003 - CONTROL NUMBER IDENTIFIER
- control field: ARRUPE
005 - DATE AND TIME OF LATEST TRANSACTION
- control field: 20160126142117.0
008 - FIXED-LENGTH DATA ELEMENTS
- fixed length control field: 160126|| aca||aabn | a|a d
040 ## - CATALOGING SOURCE
- Original cataloging agency: ARRUPE
- Transcribing agency: ARRUPE
100 ## - HEADING--PERSONAL NAME
- Personal name: Tucker, Alfred,
- Dates associated with a name: 1849-1914.
670 ## - SOURCE DATA FOUND
- Source citation: Work cat.: (ARRUPE)0: Tucker, Alfred, 1849-1914., Eighteen years in Uganda & East Africa, 1908.